[Event "Titled Tuesday intern op 20th May Late"]
[Site "Chess.com INT"]
[Date "2025.05.20"]
[Round "7"]
[White "Harish, Neeraj"]
[Black "Kolmagorov, Alexey"]
[Result "1-0"]
[WhiteElo "2192"]
[BlackElo "2145"]
[PlyCount "53"]
[EventDate "2025.05.20"]
[EventType "swiss (blitz)"]
[EventRounds "11"]
[EventCountry "USA"]
[SourceTitle "CB22_2025"]
[SourceDate "2025.05.28"]
[SourceVersion "1"]
[SourceVersionDate "2025.05.28"]
[SourceQuality "1"]

1. c4 Nf6 2. Nf3 g6 3. g3 Bg7 4. Bg2 0-0 5. d4 d6 6. 0-0 Ne8 7. Nc3 f5 8. e4 e6 9. h3 Nd7 10. Re1 Nb6 11. b3 c5 12. Be3 Nf6 13. dxc5 dxc5 14. e5 Nfd7 15. Qd6 Re8 16. Rad1 Bf8 17. Qd2 a6 18. h4 Qc7 19. Bg5 Bg7 20. Bf4 Rb8 21. h5 Na8 22. h6 Bh8 23. Nd5 Qd8 24. Bg5 Bf6 25. Nxf6+ Nxf6 26. Qxd8 Kf7 27. Qxf6+ 1-0

[Event "Titled Tuesday intern op 20th May Late"]
[Site "Chess.com INT"]
[Date "2025.05.20"]
[Round "6"]
[White "Kolmagorov, Alexey"]
[Black "Ferrara, Enzo"]
[Result "0-1"]
[WhiteElo "2145"]
[BlackElo "2138"]
[PlyCount "112"]
[EventDate "2025.05.20"]
[EventType "swiss (blitz)"]
[EventRounds "11"]
[EventCountry "USA"]
[SourceTitle "CB22_2025"]
[SourceDate "2025.05.28"]
[SourceVersion "1"]
[SourceVersionDate "2025.05.28"]
[SourceQuality "1"]

1. e4 e6 2. d4 d5 3. Nd2 c5 4. exd5 exd5 5. dxc5 Nf6 6. Ngf3 Bxc5 7. Be2 0-0 8. 0-0 Nc6 9. Nb3 Be7 10. Bg5 Bf5 11. c3 Rc8 12. Nfd4 Be4 13. Bf3 Ne5 14. Be2 Nc4 15. Qc1 a5 16. Nd2 Bg6 17. Nxc4 dxc4 18. Rd1 Qb6 19. Bf3 Bc5 20. Be3 Bd3 21. Nc2 Rfe8 22. Bxc5 Rxc5 23. Ne1 Bg6 24. Rd2 Rce5 25. Rd1 h5 26. h3 Nh7 27. Nc2 Bxc2 28. Qxc2 Ng5 29. Bd5 Qc5 30. Bxb7 Re2 31. Rd2 Qxf2+ 32. Kh2 Rxd2 33. Qc1 Rxb2 34. Qxg5 Rxb7 35. Rd1 Rbe7 36. Rd5 h4 37. Qg4 Qg3+ 38. Qxg3 hxg3+ 39. Kxg3 Re5 40. Rd4 Re3+ 41. Kh2 Rxc3 42. Rg4 Rc8 43. h4 Rd3 44. h5 Rd6 45. Kh3 c3 46. Kh4 c2 47. h6 Rxh6+ 48. Kg3 Rg6 49. Rxg6 fxg6 50. Kg4 c1Q 51. Kh3 Qc3+ 52. g3 Qf3 53. Kh2 Rc2+ 54. Kg1 Rc3 55. Kh2 Qxg3+ 56. Kh1 Rc1# 0-1

[Event "Titled Tuesday intern op 18th Mar Late"]
[Site "Chess.com INT"]
[Date "2025.03.18"]
[Round "4"]
[White "Kolmagorov, Alexey"]
[Black "Boci, Mateo"]
[Result "1/2-1/2"]
[WhiteElo "2145"]
[BlackElo "2312"]
[PlyCount "51"]
[EventDate "2025.03.18"]
[EventType "swiss (blitz)"]
[EventRounds "11"]
[EventCountry "USA"]
[SourceTitle "CB13_2025"]
[SourceDate "2025.03.26"]
[SourceVersion "1"]
[SourceVersionDate "2025.03.26"]
[SourceQuality "1"]

1. e4 c5 2. Nf3 Nc6 3. d4 cxd4 4. Nxd4 Nf6 5. Nc3 e5 6. Nxc6 bxc6 7. Bd3 Be7 8. 0-0 0-0 9. f4 exf4 10. Bxf4 Qb6+ 11. Kh1 Qxb2 12. Qe1 d6 13. e5 dxe5 14. Bxe5 Qa3 15. Qh4 h6 16. Rxf6 Bxf6 17. Bxf6 gxf6 18. Qxh6 f5 19. Qg5+ Kh8 20. Qf6+ Kg8 21. Rf1 Re8 22. Qg5+ Kf8 23. Qh6+ Kg8 24. Qg5+ Kf8 25. Qh6+ Kg8 26. Qg5+ 1/2-1/2

[Event "Titled Tuesday intern op 18th Mar Late"]
[Site "Chess.com INT"]
[Date "2025.03.18"]
[Round "1"]
[White "Tang, Austin"]
[Black "Kolmagorov, Alexey"]
[Result "1-0"]
[WhiteElo "2019"]
[BlackElo "2145"]
[PlyCount "83"]
[EventDate "2025.03.18"]
[EventType "swiss (blitz)"]
[EventRounds "11"]
[EventCountry "USA"]
[SourceTitle "CB13_2025"]
[SourceDate "2025.03.26"]
[SourceVersion "1"]
[SourceVersionDate "2025.03.26"]
[SourceQuality "1"]

1. e4 e5 2. Nf3 Nc6 3. Bb5 a6 4. Ba4 Nf6 5. 0-0 Be7 6. Qe2 b5 7. Bb3 0-0 8. c3 d6 9. Rd1 Bg4 10. h3 Bh5 11. d3 Re8 12. Nbd2 Nb8 13. Nf1 Nbd7 14. Ng3 Bg6 15. Nh4 c5 16. Nhf5 Bf8 17. h4 Nb6 18. h5 Bxf5 19. Nxf5 d5 20. Bg5 c4 21. dxc4 bxc4 22. Bc2 g6 23. hxg6 hxg6 24. Ne3 Be7 25. Bxf6 Bxf6 26. Nxd5 Nxd5 27. Rxd5 Qb6 28. b3 cxb3 29. Bxb3 Red8 30. Rad1 Rxd5 31. Bxd5 Rd8 32. Qf3 Kg7 33. g4 Qc7 34. Kg2 Bg5 35. Rh1 Rd7 36. Qh3 Kf6 37. Qh8+ Ke7 38. Rh7 Kd6 39. Qf8+ Be7 40. Qxf7 Qxc3 41. Qe6+ Kc7 42. Rxe7 1-0

[Event "Titled Tuesday intern op 17th Sep Early"]
[Site "Chess,com INT"]
[Date "2024.09.17"]
[Round "5"]
[White "Chaitanya, Sairam Mogili"]
[Black "Kolmagorov, Alexey"]
[Result "1-0"]
[WhiteElo "2212"]
[BlackElo "2145"]
[PlyCount "93"]
[EventDate "2024.09.17"]
[EventType "swiss (blitz)"]
[EventRounds "11"]
[EventCountry "USA"]
[SourceTitle "EXT 2025"]
[Source "ChessBase"]
[SourceDate "2024.10.14"]
[SourceVersion "1"]
[SourceVersionDate "2024.10.14"]
[SourceQuality "1"]

1. d4 Nf6 2. c4 e6 3. Nc3 d5 4. cxd5 exd5 5. Bg5 c6 6. e3 h6 7. Bh4 Be7 8. Qc2 0-0 9. Bd3 Nbd7 10. Nge2 Re8 11. 0-0 a5 12. f3 b5 13. Rae1 Ba6 14. e4 b4 15. Bxa6 Rxa6 16. Na4 dxe4 17. fxe4 Nxe4 18. Bxe7 Qxe7 19. Ng3 Qd6 20. Rxe4 Rxe4 21. Qxe4 Nf6 22. Qe5 Qd8 23. Nc5 Ra7 24. Nf5 Qd5 25. Nxh6+ Kh7 26. Nf5 Qxe5 27. dxe5 Ng4 28. e6 fxe6 29. Nxe6 g6 30. Nd6 Ne5 31. Rd1 Re7 32. Ng5+ Kh6 33. Nge4 Rc7 34. Kf2 c5 35. Kg3 c4 36. Rd2 a4 37. Kf4 Nd3+ 38. Ke3 Nc1 39. a3 Nb3 40. Rc2 Na1 41. Rxc4 Re7 42. axb4 Nb3 43. b5 Na5 44. Rxa4 Nb3 45. b6 Nc5 46. Rc4 Ne6 47. b7 1-0

[Event "Titled Tuesday intern op 17th Sep Early"]
[Site "Chess,com INT"]
[Date "2024.09.17"]
[Round "6"]
[White "Kolmagorov, Alexey"]
[Black "Osinovsky, Stepan"]
[Result "1-0"]
[WhiteElo "2145"]
[BlackElo "2235"]
[PlyCount "31"]
[EventDate "2024.09.17"]
[EventType "swiss (blitz)"]
[EventRounds "11"]
[EventCountry "USA"]
[SourceTitle "EXT 2025"]
[Source "ChessBase"]
[SourceDate "2024.10.14"]
[SourceVersion "1"]
[SourceVersionDate "2024.10.14"]
[SourceQuality "1"]

1. c4 Nf6 2. Nf3 g6 3. g3 Bg7 4. Bg2 0-0 5. 0-0 d6 6. Nc3 c6 7. Rb1 e5 8. d3 Bg4 9. b4 Qd7 10. b5 Bh3 11. bxc6 bxc6 12. Ba3 Rd8 13. Qa4 Bxg2 14. Kxg2 Qc7 15. Rfc1 Nbd7 16. Nd2 1-0

[Event "Titled Tuesday intern op 17th Sep Early"]
[Site "Chess,com INT"]
[Date "2024.09.17"]
[Round "3"]
[White "Kolmagorov, Alexey"]
[Black "Wyss, Jonas"]
[Result "1-0"]
[WhiteElo "2145"]
[BlackElo "2281"]
[PlyCount "91"]
[EventDate "2024.09.17"]
[EventType "swiss (blitz)"]
[EventRounds "11"]
[EventCountry "USA"]
[SourceTitle "EXT 2025"]
[Source "ChessBase"]
[SourceDate "2024.10.14"]
[SourceVersion "1"]
[SourceVersionDate "2024.10.14"]
[SourceQuality "1"]

1. c4 e6 2. Nf3 d6 3. Nc3 Nf6 4. g3 Be7 5. Bg2 0-0 6. 0-0 Nbd7 7. Rb1 Rb8 8. b4 b6 9. Nd4 Bb7 10. Nc6 Bxc6 11. Bxc6 Ne5 12. Bb5 c6 13. d4 cxb5 14. dxe5 dxe5 15. Nxb5 a6 16. Nc3 Qxd1 17. Rxd1 Rfc8 18. a3 Rxc4 19. Bb2 b5 20. Rd3 Rbc8 21. Rbd1 e4 22. Re3 Bd8 23. Nb1 Bb6 24. Rc3 h6 25. Rd6 Bd4 26. Rxd4 Rxc3 27. Nxc3 Nd5 28. Nxd5 exd5 29. Rd2 f5 30. e3 Kf7 31. Kf1 Ke6 32. Bd4 Rc4 33. Ke2 Rc1 34. h4 g5 35. hxg5 hxg5 36. Rb2 g4 37. Ra2 Rc4 38. Bc5 Kd7 39. a4 Kc6 40. axb5+ Kxb5 41. Ra5+ Kc6 42. Rxa6+ Kb5 43. Rb6+ Ka4 44. Rd6 Rc2+ 45. Kf1 Rc1+ 46. Kg2 1-0

[Event "Titled Tuesday intern op 27th Aug Early"]
[Site "Chess.com INT"]
[Date "2024.08.27"]
[Round "7"]
[White "Kolmagorov, Alexey"]
[Black "Seder, Mohamad"]
[Result "0-1"]
[WhiteElo "2137"]
[BlackElo "2116"]
[PlyCount "170"]
[EventDate "2024.08.27"]
[EventType "swiss (blitz)"]
[EventRounds "11"]
[EventCountry "USA"]
[SourceTitle "EXT 2025"]
[Source "ChessBase"]
[SourceDate "2024.10.14"]
[SourceVersion "1"]
[SourceVersionDate "2024.10.14"]
[SourceQuality "1"]

1. e4 d6 2. d4 Nf6 3. Bd3 e5 4. c3 g6 5. Nf3 Nc6 6. 0-0 Bg7 7. dxe5 Nxe5 8. Nxe5 dxe5 9. Be3 0-0 10. a4 Qe7 11. b4 Be6 12. Bc5 Qe8 13. Bxf8 Bxf8 14. Nd2 Rd8 15. Qe2 Bg4 16. f3 Be6 17. Rfd1 Bh6 18. Bc4 Rxd2 19. Rxd2 Bxc4 20. Qxc4 Bxd2 21. Qxc7 Qc6 22. Qd8+ Kg7 23. Qxd2 Nh5 24. g3 Nf6 25. Kg2 h5 26. h4 Qc4 27. a5 a6 28. Rd1 Qb5 29. Qd3 Qa4 30. Rd2 Qa1 31. Qc2 Qe1 32. Re2 Qa1 33. Rf2 Qe1 34. Qd2 Qb1 35. Rf1 Qb3 36. Rc1 Qc4 37. Rd1 Qb5 38. Qd3 Qa4 39. Rd2 Qa1 40. Qc2 Qe1 41. Re2 Qa1 42. Rf2 Qe1 43. Rf1 Qe3 44. Rd1 Qa7 45. Qd2 Kh7 46. Qg5 Kg7 47. Rd6 Nh7 48. Qxe5+ Kh6 49. Qf4+ Kg7 50. Qd2 Qb8 51. Qd4+ Kh6 52. e5 Qe8 53. e6 Qb5 54. Qd2+ Kg7 55. e7 Nf6 56. Qe3 Ne8 57. Rd8 Qa4 58. Rxe8 Qxe8 59. Qe5+ Kh7 60. Qd6 Qb5 61. Qe5 Qxe5 62. Kf2 Qxe7 63. g4 Kg7 64. g5 Qe6 65. Kg3 Qc4 66. f4 Qxc3+ 67. Kf2 Qxb4 68. Ke3 Qxa5 69. f5 Qxf5 70. Kd4 Qg4+ 71. Kc5 Qxh4 72. Kb6 Qxg5 73. Kxb7 Qb5+ 74. Ka7 a5 75. Ka8 a4 76. Ka7 a3 77. Ka8 a2 78. Ka7 h4 79. Ka8 h3 80. Ka7 h2 81. Ka8 g5 82. Ka7 g4 83. Ka8 g3 84. Ka7 g2 85. Ka8 a1R# 0-1

[Event "Titled Tuesday intern op 13th Aug Early"]
[Site "Chess.com INT"]
[Date "2024.08.13"]
[Round "3"]
[White "Sovetbekova, Nurai"]
[Black "Kolmagorov, Alexey"]
[Result "0-1"]
[WhiteElo "1940"]
[BlackElo "2137"]
[PlyCount "120"]
[EventDate "2024.08.13"]
[EventType "swiss (blitz)"]
[EventRounds "11"]
[EventCountry "USA"]
[SourceTitle "EXT 2025"]
[Source "ChessBase"]
[SourceDate "2024.10.14"]
[SourceVersion "1"]
[SourceVersionDate "2024.10.14"]
[SourceQuality "1"]

1. d4 d5 2. c4 c6 3. Nf3 Nf6 4. g3 g6 5. Qa4 Nfd7 6. cxd5 Nb6 7. Qb3 cxd5 8. Bg2 Nc6 9. 0-0 Bg7 10. Nc3 0-0 11. Rd1 Bg4 12. e3 e6 13. h3 Bxf3 14. Bxf3 Rc8 15. Bd2 Na5 16. Qc2 a6 17. Rac1 Nac4 18. b3 Nxd2 19. Qxd2 Re8 20. Rc2 Re7 21. Rdc1 Rec7 22. Ne2 Bf8 23. h4 Ba3 24. Rxc7 Rxc7 25. Rxc7 Qxc7 26. h5 Kg7 27. Nf4 Bd6 28. hxg6 hxg6 29. Nd3 Nd7 30. Kg2 b6 31. Qb2 a5 32. e4 dxe4 33. Bxe4 Kg8 34. Qe2 Nf6 35. Bf3 Qc3 36. Qe3 Kg7 37. Bb7 Qc7 38. Bf3 Qc3 39. Bb7 Qc2 40. Nc1 Ng4 41. Qe2 Qc7 42. Bf3 Nf6 43. Nd3 Qc3 44. Qe3 Qc2 45. Nc1 Ba3 46. Ne2 Qxa2 47. Nf4 Bd6 48. Nd3 Qxb3 49. Qd2 Qc4 50. Ne5 Qc7 51. Qb2 a4 52. Nd3 a3 53. Qa2 b5 54. Bd1 b4 55. Bb3 Qc3 56. Ne5 Bxe5 57. dxe5 Qxe5 58. Qb1 Qe4+ 59. Qxe4 Nxe4 60. Ba2 Nc5 0-1

[Event "Titled Tuesday intern op 13th Aug Early"]
[Site "Chess.com INT"]
[Date "2024.08.13"]
[Round "10"]
[White "Zakhartsov, Vladimir"]
[Black "Kolmagorov, Alexey"]
[Result "1-0"]
[WhiteElo "2494"]
[BlackElo "2137"]
[PlyCount "87"]
[EventDate "2024.08.13"]
[EventType "swiss (blitz)"]
[EventRounds "11"]
[EventCountry "USA"]
[SourceTitle "EXT 2025"]
[Source "ChessBase"]
[SourceDate "2024.10.14"]
[SourceVersion "1"]
[SourceVersionDate "2024.10.14"]
[SourceQuality "1"]

1. e4 d6 2. d4 g6 3. Nf3 Bg7 4. c3 b6 5. Bc4 e6 6. Qe2 a6 7. e5 d5 8. Bd3 h6 9. h4 c5 10. Nbd2 Nc6 11. Nf1 Nge7 12. h5 g5 13. N1h2 Nf5 14. Be3 cxd4 15. cxd4 Nb4 16. Bb1 a5 17. a3 Ba6 18. Qd2 Nc6 19. Ng4 Rc8 20. Bd3 Bxd3 21. Qxd3 Qd7 22. 0-0 0-0 23. g3 Na7 24. a4 Nc6 25. Bd2 Nb4 26. Bxb4 axb4 27. Kg2 Rc4 28. Ne3 Rfc8 29. Nxc4 dxc4 30. Qe4 Ne7 31. a5 bxa5 32. Rxa5 Nd5 33. Rfa1 c3 34. bxc3 bxc3 35. Ra8 Bf8 36. Rxc8 Qxc8 37. Ne1 Qc6 38. Kh2 Qc4 39. Nc2 Kg7 40. Ra7 Qf1 41. Qg6+ Kh8 42. Qxf7 Be7 43. Ra8+ Bd8 44. Rxd8# 1-0

[Event "Titled Tuesday intern op 23rd Jul Early"]
[Site "Chess.com INT"]
[Date "2024.07.23"]
[Round "9"]
[White "Kolmagorov, Alexey"]
[Black "Md, Bashiq Imrose"]
[Result "1-0"]
[WhiteElo "2137"]
[BlackElo "2140"]
[PlyCount "104"]
[EventDate "2024.07.23"]
[EventType "swiss (blitz)"]
[EventRounds "11"]
[EventCountry "USA"]
[SourceTitle "EXT 2025"]
[Source "ChessBase"]
[SourceDate "2024.10.14"]
[SourceVersion "1"]
[SourceVersionDate "2024.10.14"]
[SourceQuality "1"]

1. e4 c6 2. d4 d5 3. Nd2 dxe4 4. Nxe4 Nf6 5. Nxf6+ exf6 6. c3 Bd6 7. Bd3 0-0 8. Ne2 Re8 9. Qc2 h5 10. Be3 Nd7 11. h3 Nf8 12. 0-0-0 h4 13. Kb1 Be6 14. c4 Rc8 15. Nc3 Bb4 16. Ne4 Be7 17. Nc3 Qa5 18. g4 b5 19. Ne4 bxc4 20. Bxc4 Rb8 21. Ka1 Bd5 22. Rhg1 Ne6 23. Nd2 Rb4 24. Bxd5 cxd5 25. Nb1 Ra4 26. Nc3 Rc4 27. Qb3 Rec8 28. f4 Bb4 29. Nb1 Bd6 30. f5 Rb4 31. Qd3 Ra4 32. a3 Nc7 33. Rc1 Rb8 34. Rc2 Nb5 35. Ka2 Nc7 36. g5 Na6 37. Bd2 Nb4+ 38. Bxb4 Qxb4 39. gxf6 Qb6 40. Rxg7+ Kf8 41. Rh7 Ke8 42. Rh8+ Kd7 43. Rxb8 Qxb8 44. Qb3 Qxb3+ 45. Kxb3 Rxd4 46. Nc3 Rd3 47. Ka4 d4 48. Ne4 Rxh3 49. Rd2 Be5 50. Ng5 Ke8 51. Nxh3 Kd8 52. b4 Kd7 1-0

[Event "Titled Tuesday intern op 23rd Jul Early"]
[Site "Chess.com INT"]
[Date "2024.07.23"]
[Round "4"]
[White "Kolmagorov, Alexey"]
[Black "Sheehan, Ethan"]
[Result "1/2-1/2"]
[WhiteElo "2137"]
[BlackElo "2311"]
[PlyCount "132"]
[EventDate "2024.07.23"]
[EventType "swiss (blitz)"]
[EventRounds "11"]
[EventCountry "USA"]
[SourceTitle "EXT 2025"]
[Source "ChessBase"]
[SourceDate "2024.10.14"]
[SourceVersion "1"]
[SourceVersionDate "2024.10.14"]
[SourceQuality "1"]

1. Nf3 Nc6 2. c4 e5 3. d3 Nf6 4. a3 d5 5. cxd5 Nxd5 6. g3 f6 7. Bg2 Be6 8. b4 a6 9. Bb2 Qd7 10. h4 Be7 11. Nbd2 h6 12. Qc2 0-0-0 13. h5 Bg4 14. Rc1 Kb8 15. Ne4 Rhe8 16. Nc5 Bxc5 17. Qxc5 e4 18. dxe4 Rxe4 19. e3 Qf5 20. Nh4 Qe6 21. 0-0 Bxh5 22. b5 axb5 23. Qxb5 Na7 24. Qd3 Rxh4 25. gxh4 Qg4 26. Rc4 Qxg2+ 27. Kxg2 Nf4+ 28. Rxf4 Rxd3 29. Bd4 Nc6 30. Bc5 b6 31. Bf8 Rd8 32. Bb4 Ne5 33. Bc3 Nd3 34. Rd4 Rxd4 35. Bxd4 c5 36. Bc3 Kc7 37. a4 Be8 38. Rd1 c4 39. Ra1 Bc6+ 40. Kg3 Kd6 41. f3 Ke6 42. e4 g6 43. a5 bxa5 44. Rxa5 f5 45. h5 f4+ 46. Kg2 g5 47. Ra6 Kd6 48. Kf1 Kc7 49. Bg7 Kb7 50. Ra1 g4 51. Bxh6 gxf3 52. Bg5 Bxe4 53. Bf6 Kc6 54. h6 Kd7 55. Bd4 Ke6 56. Ra7 Ne5 57. Bxe5 Kxe5 58. h7 Bxh7 59. Rxh7 c3 60. Rc7 Kd4 61. Kf2 Kd3 62. Kxf3 c2 63. Kxf4 Kd2 64. Rd7+ Ke1 65. Rc7 Kd1 66. Rxc2 Kxc2 1/2-1/2

[Event "Titled Tuesday intern op 23rd Jul Early"]
[Site "Chess.com INT"]
[Date "2024.07.23"]
[Round "5"]
[White "Plyasunov, Daniil"]
[Black "Kolmagorov, Alexey"]
[Result "1-0"]
[WhiteElo "2289"]
[BlackElo "2137"]
[PlyCount "111"]
[EventDate "2024.07.23"]
[EventType "swiss (blitz)"]
[EventRounds "11"]
[EventCountry "USA"]
[SourceTitle "EXT 2025"]
[Source "ChessBase"]
[SourceDate "2024.10.14"]
[SourceVersion "1"]
[SourceVersionDate "2024.10.14"]
[SourceQuality "1"]

1. e4 d6 2. d4 g6 3. Nf3 Bg7 4. Be3 a6 5. c4 b6 6. Nc3 Bb7 7. Qc2 Nd7 8. h4 h6 9. Be2 Ngf6 10. Nd2 e6 11. d5 Qe7 12. 0-0-0 0-0-0 13. h5 g5 14. Rde1 Kb8 15. Kb1 Rhe8 16. Nb3 Ne5 17. f3 Qf8 18. Nd4 Nfd7 19. Rd1 Rc8 20. g3 c5 21. Nb3 Nf6 22. Nc1 exd5 23. cxd5 Qe7 24. Rde1 Qd7 25. Qd1 b5 26. Nd3 Nc4 27. Bc1 Ng8 28. f4 Qd8 29. e5 dxe5 30. fxg5 hxg5 31. Ne4 f6 32. Ndxc5 Nd6 33. Bg4 Rc7 34. Ne6 Rce7 35. Nxd8 Rxd8 36. Nc5 Nh6 37. Be6 Bc8 38. Bxc8 Rxc8 39. Ne4 Nc4 40. d6 Rd7 41. g4 Nf7 42. Qd5 Ka7 43. Nc5 Nb6 44. Qe6 Rxc5 45. Be3 Nd8 46. Qf5 Nb7 47. Bxc5 Nxc5 48. h6 e4 49. hxg7 Nd3 50. Qxd7+ Nxd7 51. g8Q Nxe1 52. Rxe1 Kb6 53. Qd5 Ka5 54. Rc1 Nb6 55. b4+ Ka4 56. Qb3# 1-0

[Event "Titled Tuesday intern op 04th Jun Early"]
[Site "Chess.com INT"]
[Date "2024.06.04"]
[Round "6"]
[White "Gurevich, Dmitry"]
[Black "Kolmagorov, Alexey"]
[Result "0-1"]
[WhiteElo "2347"]
[BlackElo "2137"]
[PlyCount "66"]
[EventDate "2024.06.04"]
[EventType "swiss (blitz)"]
[EventRounds "11"]
[EventCountry "USA"]
[SourceTitle "EXT 2025"]
[Source "ChessBase"]
[SourceDate "2024.10.14"]
[SourceVersion "1"]
[SourceVersionDate "2024.10.14"]
[SourceQuality "1"]

1. d4 e6 2. c4 c5 3. d5 exd5 4. cxd5 d6 5. Nc3 g6 6. e4 Bg7 7. f4 a6 8. a4 Ne7 9. Nf3 Bg4 10. Be2 Bxf3 11. Bxf3 Nd7 12. 0-0 0-0 13. Be3 Rb8 14. a5 Re8 15. Bf2 b5 16. axb6 Rxb6 17. Ra2 Qb8 18. Na4 Rb4 19. Qd2 Qb5 20. Nc3 Qb7 21. e5 Nf5 22. Ne4 Rb8 23. e6 Nf6 24. Ng5 Nd4 25. exf7+ Kh8 26. Bxd4 Rxd4 27. Qe2 Rxf4 28. Ne6 Rf5 29. f8Q+ Bxf8 30. Qxa6 Qe7 31. Qa7 Qxa7 32. Rxa7 Kg8 33. Rfa1 Nxd5 0-1

[Event "Titled Tuesday intern op 04th Jun Early"]
[Site "Chess.com INT"]
[Date "2024.06.04"]
[Round "10"]
[White "Kolmagorov, Alexey"]
[Black "Asish, Panda"]
[Result "1-0"]
[WhiteElo "2137"]
[BlackElo "1884"]
[PlyCount "157"]
[EventDate "2024.06.04"]
[EventType "swiss (blitz)"]
[EventRounds "11"]
[EventCountry "USA"]
[SourceTitle "EXT 2025"]
[Source "ChessBase"]
[SourceDate "2024.10.14"]
[SourceVersion "1"]
[SourceVersionDate "2024.10.14"]
[SourceQuality "1"]

1. e4 e6 2. d4 d5 3. Nd2 c5 4. exd5 Qxd5 5. Ngf3 cxd4 6. Bc4 Qd7 7. 0-0 Nc6 8. Nb3 Nf6 9. Nbxd4 Nxd4 10. Nxd4 a6 11. c3 Bc5 12. Nb3 Ba7 13. Qf3 0-0 14. Bg5 b5 15. Rad1 Qb7 16. Be2 Qxf3 17. Bxf3 Nd5 18. Bxd5 exd5 19. h3 h6 20. Bf4 Re8 21. Rfe1 Be6 22. Be3 Bb8 23. Kf1 Bd6 24. Bc5 Bf4 25. Be3 Bd6 26. Nd4 Bd7 27. Nc2 Be6 28. a3 a5 29. Nd4 Bd7 30. Bd2 Rac8 31. Rxe8+ Rxe8 32. Be3 b4 33. axb4 axb4 34. cxb4 Bxb4 35. Bd2 Bc5 36. Bc3 Rb8 37. Kg1 Kh7 38. Nf3 Be6 39. Nd4 Bd7 40. g4 f6 41. Kg2 Kg6 42. f3 Re8 43. Rd2 Ra8 44. Ne2 Be6 45. Nf4+ Kf7 46. Nxd5 Rd8 47. Nf4 Rxd2+ 48. Bxd2 Bb3 49. Bc3 Bd6 50. Ne2 Be6 51. Kf2 Ke8 52. Nd4 Bd7 53. Ke2 Bc5 54. Nc2 Bc8 55. Bd4 Bd6 56. Ne3 Bb7 57. Kf2 Kf7 58. Nf5 Bf8 59. Ne3 g6 60. h4 Ke6 61. Bc3 Bd6 62. Bd4 h5 63. gxh5 gxh5 64. Ng2 Kf5 65. Be3 Be5 66. b4 Bc6 67. Bc5 Bc3 68. Ne3+ Ke6 69. Nd1 Be5 70. Ne3 Bf4 71. Ng2 Be5 72. Ke3 Kf5 73. Bb6 Bb5 74. Bd4 Bc6 75. Bxe5 fxe5 76. Ne1 Bb5 77. Nc2 Bc6 78. Na3 Ke6 79. b5 1-0

[Event "Titled Tuesday intern op 04th Jun Early"]
[Site "Chess.com INT"]
[Date "2024.06.04"]
[Round "7"]
[White "Kolmagorov, Alexey"]
[Black "Materia, Marco"]
[Result "1/2-1/2"]
[WhiteElo "2137"]
[BlackElo "2453"]
[PlyCount "181"]
[EventDate "2024.06.04"]
[EventType "swiss (blitz)"]
[EventRounds "11"]
[EventCountry "USA"]
[SourceTitle "EXT 2025"]
[Source "ChessBase"]
[SourceDate "2024.10.14"]
[SourceVersion "1"]
[SourceVersionDate "2024.10.14"]
[SourceQuality "1"]

1. e4 d6 2. d4 Nf6 3. Bd3 Nc6 4. c3 e5 5. Nf3 g6 6. dxe5 Nxe5 7. Nxe5 dxe5 8. 0-0 Bg7 9. a4 0-0 10. Na3 Be6 11. Qe2 Nd7 12. Be3 Qe7 13. Bc4 Rfd8 14. Rfd1 a6 15. Bxe6 Qxe6 16. Qc4 Qxc4 17. Nxc4 Nf8 18. Na5 b6 19. Nc6 Re8 20. a5 Re6 21. Nb4 b5 22. Rd5 c6 23. Rd2 Bf6 24. Bc5 h5 25. Kf1 Kg7 26. Rad1 Bg5 27. Rd3 Nh7 28. Rd6 Rxd6 29. Rxd6 Nf6 30. f3 h4 31. Rxc6 Rd8 32. Rd6 Rc8 33. Bf2 h3 34. gxh3 Nh5 35. Nd3 Rc4 36. Rxa6 Ra4 37. Ra8 Ra1+ 38. Ke2 Ra2 39. Bg3 Bf4 40. Bxf4 Nxf4+ 41. Nxf4 Rxb2+ 42. Ke3 exf4+ 43. Kxf4 Rxh2 44. Kg3 Rc2 45. Rb8 Rxc3 46. Rxb5 Ra3 47. h4 Ra4 48. Kf4 Ra3 49. h5 gxh5 50. Rxh5 Kg6 51. Rb5 f6 52. Kg4 Ra4 53. Kg3 Ra3 54. Kf4 Ra4 55. Rf5 Ra3 56. Kg3 Ra2 57. Kf4 Ra3 58. Rd5 Ra4 59. Ke3 Ra3+ 60. Ke2 Ra2+ 61. Ke3 Ra3+ 62. Kf2 Ra2+ 63. Kg3 Ra3 64. Rf5 Ra4 65. Kg4 Ra2 66. Kf4 Ra4 67. Rb5 Ra3 68. Kg3 Ra2 69. e5 Kf5 70. exf6+ Kxf6 71. Rb6+ Kf5 72. a6 Kg5 73. Rb5+ Kf6 74. Rb6+ Kf5 75. Rc6 Kg5 76. f4+ Kf5 77. Rc5+ Kf6 78. Rh5 Kg6 79. Rg5+ Kf6 80. Rh5 Kg6 81. Kg4 Rxa6 82. f5+ Kg7 83. Kg5 Ra1 84. f6+ Kg8 85. Kg6 Rg1+ 86. Rg5 Rxg5+ 87. Kxg5 Kf7 88. Kf5 Kf8 89. Kg6 Kg8 90. f7+ Kf8 91. Kf6 1/2-1/2

[Event "Titled Tuesday intern op 04th Jun Early"]
[Site "Chess.com INT"]
[Date "2024.06.04"]
[Round "8"]
[White "Kolmagorov, Alexey"]
[Black "Xu, Yi"]
[Result "1/2-1/2"]
[WhiteElo "2137"]
[BlackElo "2496"]
[PlyCount "121"]
[EventDate "2024.06.04"]
[EventType "swiss (blitz)"]
[EventRounds "11"]
[EventCountry "USA"]
[SourceTitle "EXT 2025"]
[Source "ChessBase"]
[SourceDate "2024.10.14"]
[SourceVersion "1"]
[SourceVersionDate "2024.10.14"]
[SourceQuality "1"]

1. e4 c5 2. Nf3 Nc6 3. Bb5 e6 4. Bxc6 bxc6 5. Qe2 Ne7 6. d3 f6 7. e5 fxe5 8. Nxe5 d6 9. Nc4 Nf5 10. Be3 Be7 11. Nbd2 0-0 12. 0-0 Rb8 13. Rab1 e5 14. c3 Be6 15. b3 Qe8 16. f3 Qg6 17. Bf2 Rbe8 18. Kh1 Kh8 19. Rbe1 Bd5 20. Ne4 h6 21. Qc2 Bg8 22. Ne3 Nxe3 23. Bxe3 Bh7 24. Rd1 Qh5 25. b4 cxb4 26. cxb4 Rc8 27. Bxa7 d5 28. Ng3 Qh4 29. Bc5 Bg6 30. Rfe1 Bxc5 31. Qxc5 Rfe8 32. a4 Rb8 33. b5 cxb5 34. axb5 Qd8 35. d4 exd4 36. Qxd4 Rxe1+ 37. Rxe1 Rxb5 38. Ne2 Rb8 39. Nf4 Bf7 40. h3 Qd6 41. Nd3 Bg8 42. Ne5 Re8 43. f4 Rf8 44. Kg1 Qf6 45. Rf1 Qf5 46. Rf3 Qb1+ 47. Kh2 Bh7 48. Re3 Be4 49. Rg3 Qb7 50. Ng6+ Bxg6 51. Rxg6 Kh7 52. Rg3 Qf7 53. Rf3 Qf5 54. Qd3 Qxd3 55. Rxd3 Rxf4 56. Rxd5 Rf7 57. Rd3 Rf6 58. Rg3 Rf7 59. Rd3 Rf6 60. Rg3 Rf7 61. Rd3 1/2-1/2

[Event "Titled Tuesday intern op 21st May Early"]
[Site "Chess.com INT"]
[Date "2024.05.21"]
[Round "6"]
[White "Hercegovac, Neven"]
[Black "Kolmagorov, Alexey"]
[Result "0-1"]
[WhiteElo "2309"]
[BlackElo "2125"]
[PlyCount "56"]
[EventDate "2024.05.21"]
[EventType "swiss (blitz)"]
[EventRounds "11"]
[EventCountry "USA"]
[SourceTitle "CBM 220 Extra"]
[Source "ChessBase"]
[SourceDate "2024.07.31"]
[SourceVersion "1"]
[SourceVersionDate "2024.07.31"]
[SourceQuality "1"]

1. Nf3 d5 2. g3 c6 3. Bg2 Nf6 4. 0-0 Bf5 5. b3 e6 6. Bb2 Be7 7. d3 0-0 8. Nbd2 h6 9. c4 Nbd7 10. a3 a5 11. Re1 Bh7 12. Rc1 Qb6 13. Qc2 Rac8 14. Qb1 c5 15. Qa1 d4 16. e3 dxe3 17. Rxe3 Rfd8 18. d4 Bf8 19. Ne5 cxd4 20. Bxd4 Bc5 21. Nxd7 Rxd7 22. Bxc5 Qxc5 23. Nf3 Rcd8 24. h3 b6 25. Ree1 Rd3 26. Rc3 Ne4 27. Rxd3 Qxf2+ 28. Kh1 Rxd3 0-1